| 000 | 00457nam a2200109Ia 4500 | ||
|---|---|---|---|
| 008 | 171212s9999 xx 000 0 und d | ||
| 100 | _aCarman, Katherine Grace;Eibner, Christine | ||
| 245 |
_cCarman, Katherine Grace;Eibner, Christine _aChanges in Health Insurance Enrollment Since 2013 _bEvidence from the RAND Health Reform Opinion Study |
||
| 260 |
_bRAND Corporation _c2014 |
||
| 650 | _aBusiness | ||
| 856 | _uhttp://www.jstor.org/stable/10.7249/j.ctt6wq8gw | ||
| 999 |
_c351843 _d351843 |
||